| 000 | 00700nam a22002055i 4500 | ||
|---|---|---|---|
| 001 | 167604 | ||
| 003 | ES-MaACL | ||
| 005 | 20250927164029.0 | ||
| 008 | 990507s1882 it |||| | ita d | ||
| 040 |
_aCCPB | B _bspa _cCCPB | B |
||
| 100 | 0 |
_aVillari, Pasquale. _9115122 |
|
| 245 | 1 | 3 |
_aLa storia di Girolamo Savonarola e de´suoi tempi / _cnarrata da Pasquale Villari. |
| 260 |
_aFirenza : _bSuccessori le Monnier, _c1882. |
||
| 300 |
_a2 v. ; _c18 cm. |
||
| 596 | 1 | _aMarca tip. en port. | |
| 597 | 1 | _aEn t. II aparece: "Fine del secondo ed ultimo volume" | |
| 600 | 0 | 4 |
_aSavonarola, Girolamo, _d1452-1498 _9104085 |
| 852 |
_aES-MaACL _jG-1339-40 _z-- Enc. hol. |
||
| 999 |
_c167604 _d167604 |
||